| 000 | 01479nam a2200337 4500 | ||
|---|---|---|---|
| 003 | EC-UNACH | ||
| 005 | 20250520154054.0 | ||
| 006 | s||||gr|||| 00| 00 | ||
| 008 | 150116t9999 mx r gr 000 0 spa d | ||
| 020 | _a9789978510308 | ||
| 040 |
_aEC-UNACH _cEC-UNACH |
||
| 041 | _aspa | ||
| 082 | 0 | 4 |
_223 _a300 _bL017777 |
| 110 | _aCentro Andino de Acción Popular (CAAP) | ||
| 245 | _aEstudios y Análisis. Dominio del dinero y desvanecimiento de la democracia | ||
| 250 | _aPrimera edición | ||
| 264 |
_aQuito – Ecuador _bCAAP _c2014 |
||
| 300 |
_a178 páginas _bTEXTO _c14,5 X 21 cm |
||
| 505 | _a1. La libertad del dinero -- 2. La fenomenología de la crisis -- 3. Los límites del estado social y la ideología neoliberal -- 4. Los antecedentes de la revolución financiera -- 5. Las nuevas finanzas lo que puede medirse se comercialice -- 6. El capital ficticio una exclusión teórica necesaria -- 7. La industria de titulación o la negociación de lo concreto -- 8. La nueva matriz de la explotación global -- 9. Dominio de dinero, capitalismo informático y democracia. | ||
| 650 | _aCAPITALISMO INFOMÁTICO | ||
| 650 | _aMERCANCÍA | ||
| 650 | _aCIRCULACIÓN DE CAPITAL | ||
| 650 | _aREPRESIÓN FINANCIERA | ||
| 650 | _aREGULACIÓN ECONÓMICA | ||
| 942 |
_2ddc _c1 |
||
| 999 | _c13574 | ||